Espacios vectoriales y geometría analítica /

Guardado en:
Autor Principal: Santaló, Luis A.
Formato: Libro
Publicado: Buenos Aires : O.e.a., 1965
Materias:
Etiquetas: Agregar Etiqueta
Sin Etiquetas, Sea el primero en etiquetar este registro!
LEADER 00433nam a22001575a 4500
001 CEM.cems005765
005 20060214000000.0
008 130507s1965##################000#0#####d
003 CEMS
082 0 4 |a 516 
100 1 |a Santaló, Luis A. 
245 1 0 |a Espacios vectoriales y geometría analítica / 
260 |a Buenos Aires :  |b O.e.a.,  |c 1965 
300 |a 57 
653 |a Matematica 
859 |a CEMS  |b BIB. CEMS - 11 de abril  |h 516  |i Sa59  |p 9926.81  |t Ej.1